000 01925cam a22004934i 4500
003 PE-LiUPU
005 20250731165544.0
008 150625s r 000 0 d
035 _a(Sirsi) a33852
035 _a(Sirsi) a33852
040 _aPE-LiUPU
_bspa
_cPE-LiUPU
_erda
082 0 4 _a221.7
_bTOT
_221
100 1 _aHarrison, R. K.,
_eautor.
245 1 0 _aLeviticus /
_cR. K. Harrison.
264 1 _aDowners Grove, Illinois :
_bInter - Varsity Press,
_c1980.
300 _a252 páginas ;
_c20 cm.
336 _atext
_2rdacontent
337 _aunmediated
_2rdamedia
338 _avolume
_2rdacarrier
490 0 _aTyndale Old Testament commentaries ;
_v3
505 0 _aTitle of the book nature of leviticus. -Authorship and date. -Unity of leviticus. -Purpose of leviticus. -Leviticus and the new testament. -The hebrew text. -The sacrifices of leviticus. -Probable plan of the tabernacle. -The high priest's breastpiece. -The feasts of leviticus 23 and other old testament calendars.
526 _aSEG44
526 _aSEG26
526 _aP151
526 _aP150
526 _aP149
526 _aP146
526 _aP145
526 _aP126
526 _aP125
526 _aP92
526 _aP75
526 _aP74
526 _aP27
526 _aP15
630 _aBiblia.
_pA.T.
_pLevítico
_xComentarios.
910 _a
942 _2ddc
_cBOOK
949 _aRC 221.7 TOT 3
_wDEWEY
_c1
_i37710
_lRC
_mBUL
_r0
_sY
_tBOOK
_u2015-6-25
_xBIBLIOTECA
_zUNKNOWN
_0COMPRA
_o.CIRCNOTE. No olvidar cambiar la fecha de devolución!!!!!!!
_o.STAFF. Colección General
994 _aC0
_bPEPRU
596 _a1
999 _aRC 221.7 TOT 3
_wDEWEY
_c41645
_i37710
_d41645
_e2015-10-5
_f2021-11-8
_g6
_lCCODEBUL1
_mBUL
_n1
_q8
_r1
_sY
_tBOOK
_u2015-6-25
_xTEOLOGIA
_zUNKNOWN
_0COMPRA
_o.CIRCNOTE. No olvidar cambiar la fecha de devolución!!!!!!!
_o.STAFF. Colección General
980 _81
_gALBERTO SANCHEZ Responsable de Automatización